000 00611nam a2200181Ia 4500
008 090630s9999 xx 000 0 und d
082 _b22342
100 _aकेळकर न. चि.
245 _aलो. टिळक यांचे चरित्र.
_cकेळकर न. चि.
260 _b---
300 _a0
600 _aकेळकर न. चि.
630 _aलो. टिळक यांचे चरित्र.
655 _aचरित्र.
700 _aकेळकर न. चि.
730 _aलो. टिळक यांचे चरित्र.
942 _cBOOK
999 _c274198
_d274198